000 00356nam a2200133Ia 4500
008 240624s9999 xx 000 0 und d
041 _aeng
082 _a004 WEI
100 _aWEILL PETER
245 _aIT SAVVY WHAT TOP EXECUTIVES MUST KNOW T
260 _c2009
_aBoston
_bHarvard Business Press
300 _axxv, : 182 : p. : cm. ; 22
365 _cRS
_b30
999 _c14266
_d14266